Women Rulers in the Ancient and Medieval World Quiz Stats

Quiz not verified by Sporcle

Score 0/22 Timer 10:00
0 Plays Today
% Correct
Cleopatra VII
89.3%
Lei-tzu (Si Ling-chi)
80.6%
Nefertiti
78.1%
Boudicca (Boadicea)
71.2%
Suiko
67.6%
Hatshepsut
60.9%
Olga
57.3%
Theodora
53%
Olympias (Polyxena, Myrtale)
45.7%
Aethelflaed
45.7%
Brunhilde (Brunhilda)
41%
% Correct
Edith (Eadgyth)
39.1%
Semiramis (Sammu-Ramat)
38.8%
Artemisia
33.7%
Zenobia
31.5%
Elen Luyddog of the Hosts; Helen of Caernarvon
25.6%
Irene
23.7%
Meryt-Neith
22.6%
Fredegund
22.2%
Adelaide
20.2%
Cartimandua
19.1%
Amalasuntha
12.3%

You're not logged in!

Compare scores with friends on all Sporcle quizzes.
Sign Up with Email
OR
Log In

You Might Also Like...

Show Comments

Extras

Top Quizzes Today


Score Distribution

Your Account Isn't Verified!

In order to create a playlist on Sporcle, you need to verify the email address you used during registration. Go to your Sporcle Settings to finish the process.